000
00332nam a22001457a 4500
003
SGT
020
_a
978-1-63242-318-4
082
_a
615
_b
KRA
100
_a
KRAUSS, BRENDON
245
_a
PHARMACEUTICS CONCEPTS & APPLICATIONS
260
_a
USA
_b
FASTER PUB.
_c
2015
300
_a
205
650
_a
PHARMACEUTICS
942
_2
ddc
_c
BK
999
_c
32909
_d
32909